| 000 | 00618nam a2200193 a 4500 | ||
|---|---|---|---|
| 001 | 000036783 | ||
| 005 | 20200930075931.0 | ||
| 008 | 120131s1976 mx 000 0 spa d | ||
| 040 |
_aDO-SdBNP _bspa _cBNPHU |
||
| 082 |
_axxxx _bF855e |
||
| 100 | 1 |
_aFreeman, S. David _963119 |
|
| 240 | 1 | 0 |
_aEnergy-the new era _lEspañol |
| 245 | 1 | 0 |
_aEnergía : _bla nueva era / _cS. David Freeman ;traductores Leandro Wolfson, Luis F. Coco. |
| 260 |
_aMéxico : _bDimelisa, _c1976. |
||
| 300 |
_a318 p. ; _c23 cm. |
||
| 500 | _aTraducido del inglés | ||
| 700 | 1 |
_aWolfso, Leandro, _etr. _963120 |
|
| 700 | 1 |
_aCoco, Luis F., _etr. _911592 |
|
| 999 |
_c36274 _d36274 |
||